UM Logo

Theory and practice of group counseling / (Record no. 17290)

MARC details
000 -LEADER
fixed length control field 00547nam a2200181 4500
008 - FIXED-LENGTH DATA ELEMENTS--GENERAL INFORMATION
fixed length control field 220916b ||||| |||| 00| 0 eng d
020 ## - INTERNATIONAL STANDARD BOOK NUMBER
International Standard Book Number 9789814878159
082 ## - DEWEY DECIMAL CLASSIFICATION NUMBER
Edition number 2020
Classification number DC 158.35
Item number C812
100 ## - MAIN ENTRY--PERSONAL NAME
Personal name Corey, Gerald.
9 (RLIN) 46010
245 ## - TITLE STATEMENT
Title Theory and practice of group counseling /
Statement of responsibility, etc. Gerald Corey.
250 ## - EDITION STATEMENT
Edition statement Ninth edition.
260 ## - PUBLICATION, DISTRIBUTION, ETC. (IMPRINT)
Place of publication, distribution, etc. Singapore :
Name of publisher, distributor, etc. Cengage,
Date of publication, distribution, etc. ©2020.
300 ## - PHYSICAL DESCRIPTION
Extent xxvi, 515 pages ;
Dimensions 25 cm.
500 ## - GENERAL NOTE
General note Includes indices.<br/>
650 ## - SUBJECT ADDED ENTRY--TOPICAL TERM
Topical term or geographic name as entry element Group counseling.
9 (RLIN) 28363
650 ## - SUBJECT ADDED ENTRY--TOPICAL TERM
Topical term or geographic name as entry element Small groups.
9 (RLIN) 14439
942 ## - ADDED ENTRY ELEMENTS (KOHA)
Source of classification or shelving scheme Dewey Decimal Classification
Koha item type Circulation
Holdings
Withdrawn status Lost status Source of classification or shelving scheme Damaged status Not for loan Collection code Home library Current library Date acquired Source of acquisition Cost, normal purchase price Total Checkouts Full call number Barcode Date last seen Copy number Price effective from Koha item type
    Dewey Decimal Classification     Circulation UM Digos College - LIC UM Digos College - LIC 08/16/2022 Purchased 8993.00   DC 158.35 C812 2020 26643 05/15/2025 1 09/16/2022 Circulation